01101nam a2200301Ia 450000500170000000800410001702000190005810000400007724500880011725000200020530000600022549000280028550000330031352100630034665000470040965000510045665000330050765000380054070000330057894200150061126400240062633600270065033700330067733800280071004000350073808400110077399900150078420220317001049.0160825s2007 sp a g 000 0 spa  a978846752090121 aDíaz Ortiz, Gloria Ceciliad1951-13aEl valle de los cocuyoscGloria Cecilia Díaz ; ilustrado por Francisco Meléndez a10a. edición  a123 páginas bilustraciones en blanco y negro c19 cm aEl barco de vaporproja aIncluye datos biográficos  aRecomendado para jovenes a partir de 13 años en adelante142LEMBaNovela juvenil colombiana ySiglo XX142LEMBaLiteratura juvenil colombiana ySiglo XX142LEMBaMagia en la literatura142LEMBaFantasía en la literatura1 aMelendéz, Francisco965073 2loccBKLIT aMadridbS. M.c2007 atextobtxt2rdacontent asin mediaciónbn2rdamedia avolumenbnc2rdacarrier aCO-BoRNBPbspaerdacCO-BoRNBP aN DIA1 c5825d5825